|
|
|
|
| LEADER |
01429nam a22003852a 4500 |
| 001 |
000891279 |
| 003 |
CZ BrMZK |
| 005 |
20080402073031.0 |
| 007 |
ta |
| 008 |
080331s1900 xr er|||||||||||cze d |
| 015 |
|
|
|a cnb001757135
|
| 020 |
|
|
|q (Brož.)
|
| 040 |
|
|
|a ABA001
|b cze
|
| 041 |
1 |
|
|a cze
|h fre
|
| 072 |
|
7 |
|a 821.133.1-2
|x Francouzské drama, francouzsky psané
|2 Konspekt
|9 25
|
| 080 |
9 |
|
|a 821.133.1-2
|
| 080 |
9 |
|
|a (0:82-293.1)
|
| 100 |
1 |
|
|a Carré, Michel,
|d 1822-1872
|7 jn19990001342
|4 aut
|
| 245 |
1 |
0 |
|a Hamlet :
|b velká opera o 5 jednáních /
|c slova napsali Mich. Carré a Jul. Barbier ; hudbu složil Ambroise Thomas ; přeložil Aug.Eug. Mužík
|
| 260 |
|
|
|a Praha :
|b Alois Wiesner,
|c [1900]
|
| 300 |
|
|
|a 58 s. ;
|c 20 cm
|
| 490 |
1 |
|
|a Wiesnerova sbírka libret ;
|v 10
|
| 500 |
|
|
|a Přeloženo z francouzštiny
|
| 500 |
|
|
|a Rok vyd. z bibliografického katalogu 19. stol.
|
| 655 |
|
7 |
|a francouzská dramata
|7 fd132283
|2 czenas
|
| 655 |
|
7 |
|a operní libreta
|7 fd184679
|2 czenas
|
| 700 |
1 |
|
|a Barbier, Jules,
|d 1825-1901
|7 jn20020618016
|4 aut
|
| 700 |
1 |
|
|a Thomas, Ambroise,
|d 1811-1896
|7 js20020527030
|4 cmp
|
| 700 |
1 |
|
|a Mužík, Augustin Eugen,
|d 1859-1925
|7 jk01082566
|4 trl
|
| 830 |
|
0 |
|a Wiesnerova sbírka libret
|0 s
|
| 910 |
|
|
|a BOA001
|b 1-0072.975,10
|
| 990 |
|
|
|a BK
|
| 993 |
|
|
|a Y
|
| 991 |
|
|
|b 200804
|
| 996 |
6 |
|
|b 2619252112
|c 1-0072.975,10
|l MZK
|r Sklad / do 1 hodiny
|n 2
|w 000891279
|u 000010
|a 1
|e BOA001
|j MZK50
|s P
|